Statistics for Obviously! Louis Tomlinson quotes

Click here to take the quiz!

General Stats

  • This quiz has been taken 49 times
  • The average score is 47 of 104

Answer Stats

Answer% Correct
I
100%
a
85%
obviously
78%
the
78%
you
78%
conspiracy
70%
it
70%
no
70%
to
70%
on
67%
iPhones
59%
like
56%
and
52%
can
48%
Google
48%
it's
48%
love
48%
that
48%
get
44%
just
44%
people
44%
think
44%
truth
44%
what
44%
know
41%
so
41%
there's
41%
you're
41%
but
37%
gonna
37%
one
37%
thing
37%
if
33%
in
33%
they
33%
things
33%
believe
30%
mean
30%
never
30%
of
30%
been
26%
bit
26%
I've
26%
little
26%
ones
26%
wanna
26%
asked
22%
comes
22%
disrespectful
22%
Eleanor
22%
about
19%
funny
19%
these
19%
across
15%
buy
15%
directly
15%
into
15%
look
15%
reality
15%
sometimes
15%
actually
11%
right
11%
anything
7%
genuinely
7%

Score Distribution

Percentile by Number Answered

Percent of People with Each Score

Your Score History

You have not taken this quiz